000 00644nam a2200241Ia 4500
003 OSt
005 20220918175042.0
006 a|||||r|||| 00| 0
007 ta
008 220917b |||||||| |||| 00| 0 eng d
024 _a15,423
037 _cTextual
040 _aARTS
_cARTS
_beng
041 _2eng
_aeng
082 _aR856(Q6), M6
100 _aBurrow J A
_952700
245 0 _aAges of man
_b A study in medieval writing and thought
260 _aOxford
_bClarendon Press
_c1986
300 _aix,211p.
_ccm.
650 _aPHILOSOPHY
942 _hR856(Q6), M6
_cTEXL
_2CC
999 _c155827
_d155827